| 000 | 00377nam a2200145 a 4500 | ||
|---|---|---|---|
| 001 | 2738 | ||
| 003 | CDMR | ||
| 005 | 20130116135235.0 | ||
| 008 | 130130s1984||||||||||||||||||||||||||||d | ||
| 040 |
_aCDMR _bcat _cCPC LLEIDA |
||
| 100 | 1 |
_aJorba, Manuel _92059 |
|
| 245 | 1 | 0 |
_aManuel Milà i Fontanals en la seva època _cJORBA, Manuel |
| 260 |
_aBarcelona _c1984 _bCurial |
||
| 942 | _cMON | ||
| 999 |
_c2738 _d2738 |
||